| 000 | 01053nam a22002775a 4500 | ||
|---|---|---|---|
| 003 | EG-ScBUE | ||
| 005 | 20211128100918.0 | ||
| 008 | 150823s1979 ua a f 001 p ara d | ||
| 040 |
_aEG-ScBUE _bara _erda _cEG-ScBUE _dEG-ScBUE |
||
| 082 | 0 | 4 |
_a892.711 _bط ر ف _222 |
| 100 | 0 |
_aطرفة بن العبد، _d86-6 ق.هـ.، _eمؤلف. |
|
| 245 | 1 | 0 |
_aديوان طرفة بن العبد / _cطرفة بن العبد. |
| 264 | 1 |
_aبيروت : _bالمكتبة الثقافية، _c[1979] |
|
| 300 |
_a95 صفحة : _bإيضاحيات ؛ _c20 سم |
||
| 336 |
_2rdacontent _aنص _btxt |
||
| 337 |
_2rdamedia _aبدون وسيط _bn |
||
| 338 |
_2rdacarrier _aمجلد _bnc |
||
| 500 | _aيشتمل على كشافات. | ||
| 590 | _aMenna ELemam | ||
| 650 | 7 |
_aالشعر العربي _xدواوين وقصائد. _2BUEsh _934630 |
|
| 650 | 7 |
_aالشعر العربي _xتاريخ _yالعصر الجاهلي. _2BUEsh _934630 |
|
| 651 | _2BUEsh | ||
| 653 |
_bARALIT _cAugust2015 |
||
| 655 |
_vReading book _934232 |
||
| 942 |
_cBB _k892.711 ط ر ف _2ddc |
||
| 999 |
_c5679 _d5679 |
||